• 首页
  • 本馆介绍
  • 公告通知
  • 最新文献
  • 馆藏检索
  • 电子资源
  • 读者导购
  • 参考咨询
  • 我的图书馆
  • 登录
  • 详细信息显示
  • 放入我的书架
  • 预约/预借图书
  • 作者相关作品
  • 分类相关作品
  • 丛书相关作品
  • 出版社相关作品

书目信息

  • 表格格式
  • 工作单格式
  • 卡片格式
题名:
美台关系四十年
    
 
作者: 资中筠 , 何迪 编
分册:  
出版信息: 北京   人民出版社  1991.11
页数: 385页
开本: 20cm
丛书名:
单 册:
中图分类: D827.22 , D871.22
科图分类:
主题词: 中外关系--地方 , 外交 , 外交关系 , 国际关系
电子资源:
ISBN: 7-01-000967-8
000 00875nam0 2200289 45
001 0192005465
005 20061027103610.12
010    @a7-01-000967-8@dCNY6.00
100    @a19920318d1991 em y0chiy0121 ea
101 0  @achi
102    @aCN@b110000
105    @ay z 000yy
200 10 @a美台关系四十年@AMEI TAI GUAN XI SI SHI NIAN@e1949~1989@f资中筠,何迪编@FZi Zhong Jun,He Di Bian
210    @a北京@c人民出版社@d1991.11
215    @a385页@d20cm
330    @a本书论述了美台“共同防御条约”和美国的“与台湾关系法”的出笼经过,“台湾海峡危机”的真相,美援与台湾经济发展的关系等问题。
517    @a1949~1989
606 0  @a中外关系@x地方
606 0  @a外交
606 0  @a外交关系
606 0  @a国际关系
690    @aD827.22@v3
690    @aD871.22@v4
701  0 @a资中筠@4编
701  0 @a何迪@4编
801  0 @aCN@bNLC@c20061027
905    @dD871.22@e21@f1@b246276
    
    美台关系四十年:1949~1989/资中筠,何迪编.-北京:人民出版社,1991.11
    385页;20cm
    
    
    ISBN 7-01-000967-8:CNY6.00
    本书论述了美台“共同防御条约”和美国的“与台湾关系法”的出笼经过,“台湾海峡危机”的真相,美援与台湾经济发展的关系等问题。
●
相关链接 在E读中查询图书 在五车中查询图书 在当当中查询图书 在豆瓣中查询图书


正题名:美台关系四十年     索取号:D871.22/21         预约/预借

序号 登录号 条形码 馆藏地/架位号 状态 备注
1 0246273   001027579   第一借阅区/ [索取号:D871.22/21] 在馆    
2 0246274   001027588   密集书库/ [索取号:D871.22/21] 在馆    
3 0246275   000378629   密集书库/ [索取号:D871.22/21] 在馆    
4 0246276   001027597   第一样本阅览室/ [索取号:D871.22/21] 在馆    
唐山师范学院图书馆 欢迎您!
大连网信软件有限公司© 版权所有